000 00498nam a22001817a 4500
003 OSt
005 20240530110422.0
008 150312s1993 ua acbofa 000 0 eng d
040 _aEG-CaGPL
_cEG-CaGPL
100 1 _aDavis , Vivienne
245 1 4 _aThe World of Bread /
_cVivienne Davis
250 _aed. 1
260 _aCairo :
_bElisa Hoopoe ,
_c1993.
300 _a32 p. :
_bill. (chiefly col.) ;
_c24 cm.
650 0 _aBread Baking
_xHistory
942 _2ddc
_cBK
999 _c60671
_d60671